000 01441cam a2200361 i 4500
999 _c64800
_d64800
001 816317880
003 OCoLC
005 20190208094448.0
008 121023s2013 miud g b 001 0 eng
010 _a 2012042213
020 _a9780801036439 (cloth)
020 _a0801036437 (cloth)
040 _aDLC
_bspa
_cCO-MdFUSB
_dOCLCO
_dXBE
_dTLE
_dYDXCP
_dOCLCF
_dCVN
_dCDX
_dFPD
_erda
041 _aeng
042 _apcc
082 _224
_aG 230
_bE682c
100 1 _aErickson, Millard J.
_eautor
245 0 0 _aChristian theology
_c/ Millard J. Erickson.
250 _aThird Edition
264 1 _aGrand Rapids, Michigan :
_bBaker Academic,
_c℗2013
264 4 _c©2013
300 _axiv, 1186 páginas ;
_c24 cm.
336 _2rdacontent
_atexto
_btxt
337 _2rdamedia
_asin mediación
_bn
338 _2rdacarrier
_avolumen
_bnc
500 _aPrimera edición publicada originalmente en tres volúmenes.
501 _aIncluye índices (páginas 1146- 1186)
505 0 _aParte 1. Estudiando a Dios -- Parte 2. Conociendo a Dios -- Parte 3. Cómo es Dios -- Parte 4. Lo que Dios hace -- Parte 5. Humanidad -- Parte 6. Pecado -- Parte 7. La persona de Cristo -- Parte 8. La obra de Cristo -- Parte 9. El Espíritu Santo -- Parte 10. Salvación -- Parte 11. La iglesia -- Parte 12. Las últimas cosas.
650 7 _aTeología doctrinal
_9179
942 _cBK